000 00442nam a2200157 4500
001 121821
003 ES-MaACL
005 20230906191832.0
007 t|
008 070214s1972 sp r ||||1| spa d
100 1 _aPortuondo, Juan A.
_993303
245 1 0 _aIntroducción al psicoanálisis /
_cpor Juan A. Portuondo.
260 _aMadrid :
_bBiblioteca Nueva,
_c1972.
300 _a202 p. ;
_c25 cm.
852 _aES-MaACL
_jC-43666
_bR.83484
999 _c121821
_d121821